Justice in the Gerardi Case: but terror continues /

محفوظ في:
التفاصيل البيبلوغرافية
المؤلف الرئيسي: Molina Mejía, Raúl
مؤلفون آخرون: McSherry, J. Patrice
التنسيق: نص
الموضوعات:
الوسوم: إضافة وسم
لا توجد وسوم, كن أول من يضع وسما على هذه التسجيلة!

MARC

LEADER 00000 a a2200000 04500
001 10093
003
040
100 |a Molina Mejía, Raúl  
245 |a Justice in the Gerardi Case: but terror continues /  |c Raúl Molina Mejía 
650 |a DERECHOS HUMANOS  
650 |a ADMINISTRACION DE JUSTICIA  
700 |a McSherry, J. Patrice  
773 |g XXXV, número 1; páginas 8-11  
999 |c 21950  |d 21950